The economics of medical technology : proceedings of an International Conference on Economics of Medical Technology /

Bibliographic Details
Corporate Author: International Conference on Economics of Medical Technology Valkenburg, Limburg, Netherlands
Other Authors: Rutten, F. F. H., Reiser, Stanley Joel
Format: Conference Proceeding Book
Language:English
Published: Berlin ; New York : Springer-Verlag, [1988]
Series:Health systems research.
Subjects:

MARC

Tag First Indicator Second Indicator Subfields
LEADER 00000cam a2200000 a 4500
001 in00000017273
005 20151007053431.0
008 870824s1988 wb a b 10010 eng d
010 |a  87023499  
020 |a 0387179844 (U.S. : pbk.) 
035 |a (OCoLC)16649194 
035 |9 AAB1633AM 
040 |a DNLM/DLC  |c DLC  |d TXA  |d UtOrBLW 
049 |a TXAM  
050 0 0 |a R855.2  |b .I58 1988 
060 0 |a W 74 I59e 1985 
082 0 |a 338.4/766/06  |2 19 
111 2 |a International Conference on Economics of Medical Technology  |d (1985 :  |c Valkenburg, Limburg, Netherlands) 
245 1 4 |a The economics of medical technology :  |b proceedings of an International Conference on Economics of Medical Technology /  |c F.F.H. Rutten, S.J. Reiser (eds.). 
264 1 |a Berlin ;  |a New York :  |b Springer-Verlag,  |c [1988] 
264 4 |c ©1988 
300 |a viii, 140 pages :  |b illustrations ;  |c 24 cm. 
336 |a text  |b txt  |2 rdacontent 
337 |a unmediated  |b n  |2 rdamedia 
338 |a volume  |b nc  |2 rdacarrier 
490 1 |a Health systems research 
500 |a Held at Valkenburg, Limburg, Netherlands, Sept. 2-4, 1985. 
504 |a Includes bibliographies. 
650 0 |a Medical technology  |x Economic aspects  |x Congresses. 
650 0 |a Technology assessment  |x Economic aspects  |x Congresses. 
700 1 |a Rutten, F. F. H. 
700 1 |a Reiser, Stanley Joel. 
830 0 |a Health systems research. 
999 |a MARS 
999 f f |s b0689095-0531-3137-890c-f936c59c5b86  |i 32b07b11-a2b2-391e-ac53-b7b3af337230  |t 0 
952 f f |p ric  |a Texas A&M University  |b Rellis Campus  |c Joint Library Facility  |d Remote Storage  |t 0  |e R855.2 .I58 1988  |h Library of Congress classification  |i unmediated -- volume  |m A14812610711 
998 f f |a R855.2 .I58 1988  |t 0  |l Remote Storage